| 000 | 00837nam a22001935i 4500 | ||
|---|---|---|---|
| 001 | 166406 | ||
| 003 | ES-MaACL | ||
| 005 | 20260316165935.0 | ||
| 008 | 021107d1893 fr |||| | fre d | ||
| 040 |
_aCYL _bspa _cCYL |
||
| 100 | 1 |
_aTolstói, Lev, _d1828-1910 _9110489 |
|
| 245 | 1 | 0 |
_aLa Famine / _cLéon Tolstoï; [traducido con la autorización del autor por] E. Halpérine-Kaminsky. |
| 260 |
_aParís : _bPerrin et Cía., Libraires-editeurs, _c1893. |
||
| 300 |
_a248 p. ; _c, 18 cm. |
||
| 700 | 1 | 1 |
_aGal'perin-Kaminskij, Il'â Danilovic, _d1858-1936 _etrad. _9127773 |
| 752 |
_aFrancia - _dParís |
||
| 852 |
_aES-MaACL _jF-9304 _z-- Enc. hol. conservando la cub. original _x-- Edic.: La mención de resp. consta: Comte Léon Tolstoï; traduit avec l'autorisarion de l'Auteur par E. Halpérine-Kaminsky |
||
| 999 |
_c166406 _d166406 |
||